| 000 | 00000nam##2200000za#4500 |
| 001 | 9.589950 |
| 003 | CaOODSP |
| 005 | 20210624195907 |
| 007 | cr ||||||||||| |
| 008 | 150406|2003||||xxc|||||o f|0| 0 fre|d |
| 022 | |a1488-5379 |
| 040 | |aCaOODSP|bfre |
| 041 | |aeng |
| 041 | |afre |
| 043 | |an-cn--- |
| 086 | 1 |aFs97-6/2493-PDF |
| 110 | 1 |aCanada. |bMinistère des pêches et des océans. |
| 245 | 10|aL'estimation des débits d'étiage en rivières au Nouveau-Brunswick / |h[ressource électronique]|cpar C. Hébert, N. El-Jabi, et D. Caissie. |
| 260 | |aMoncton - Nouveau-Brunswick : |bPêches et Océans Canada |c2003. |
| 300 | |a25p.|bfigures, références, tableaux |
| 490 | 1 |aRapport technique canadien des sciences halieutiques et aquatiques|x1488-5379|vN° 2493 |
| 500 | |aSur la p. de t. : Région du golfe, Direction des océans et des sciences, Section des poissons diadromes, Moncton N.-B. Texte en anglais et en français sur deux colonnes. Le numéro de catalogue et l'ISSN de l'édition imprimée apparaissent dans la version PDF. |
| 590 | |a14-06-Supp|b2014-03-21 |
| 720 | 1 |aCaissie, D. |
| 720 | 1 |aEl-Jabi, N. |
| 720 | 1 |aHébert, C. |
| 791 | |tLow flow estimation for New Brunswick Rivers / |eeng|w(CaOODSP)9.589949 |
| 830 | #0|aRapport technique canadien des sciences halieutiques et aquatiques,|x1488-5379|vN° 2493|w(CaOODSP)9.500270 |
| 856 | 40|ahttp://publications.gc.ca|qPDF|s326 Ko|uhttps://publications.gc.ca/collections/collection_2014/mpo-dfo/Fs97-6-2493.pdf|yN° 2493 |